000 00390nam a2200157Ia 4500
008 210716s2012 xx 000 0 und d
020 _a9789350620588
041 _aeng
082 _a658 RAOV
100 _aRao, V S P.
245 _aManagement: text and cases.
_bText and cases.
250 _a2
260 _aNew Delhi
_bExcel Books
_c2012
300 _axviii,804
650 _aMANAGEMENT
999 _c208571
_d208571